Punjab Mazhabi Furstou Aur Soofi Silsalou Ka Encyclopedia / (Record no. 525403)
[ view plain ]
| 000 -LEADER | |
|---|---|
| fixed length control field | 00555nam a22001697a 4500 |
| 003 - CONTROL NUMBER IDENTIFIER | |
| control field | NUST |
| 038 ## - RECORD CONTENT LICENSOR | |
| Staff Name | Arshad |
| 082 ## - DEWEY DECIMAL CLASSIFICATION NUMBER | |
| Classification number | 305.5122095 |
| Author Mark | MAC |
| 100 ## - MAIN ENTRY--PERSONAL NAME | |
| Personal name | Maclagn , E.D |
| 9 (RLIN) | 16262 |
| 245 ## - TITLE STATEMENT | |
| Title | Punjab Mazhabi Furstou Aur Soofi Silsalou Ka Encyclopedia / |
| Statement of responsibility, etc. | E.d Maclagn |
| 260 ## - PUBLICATION, DISTRIBUTION, ETC. | |
| Place of publication, distribution, etc. | Lahore : |
| Name of publisher, distributor, etc. | Book Home, |
| Date of publication, distribution, etc. | 2006. |
| 300 ## - PHYSICAL DESCRIPTION | |
| Extent | 256 p. ; |
| 500 ## - GENERAL NOTE | |
| General note | Hardcover. |
| 880 ## - ALTERNATE GRAPHIC REPRESENTATION | |
| Linkage | 100-01\r |
| Title | ای ڈی میکايگن |
| 880 ## - ALTERNATE GRAPHIC REPRESENTATION | |
| Linkage | 245-02\r |
| Title | پنجاب مذہبی فرقوں اور صوفی سلسلوں کا انسائیکلوپیڈیا / |
| 942 ## - ADDED ENTRY ELEMENTS (KOHA) | |
| Source of classification or shelving scheme | |
| Koha item type | Book |
| Withdrawn status | Lost status | Source of classification or shelving scheme | Damaged status | Not for loan | Permanent Location | Current Location | Shelving location | Date acquired | Total Checkouts | Full call number | Barcode | Date last seen | Price effective from | Koha item type |
|---|---|---|---|---|---|---|---|---|---|---|---|---|---|---|
| Central Library (CL) | Central Library (CL) | Urdu Literature | 07/02/2019 | 305.5122095 MAC | CL-E-381 | 07/02/2019 | 07/02/2019 | Book |
